000 00914nac a22003137a 4500
001 BR7400669
003 BR-BrBNA
005 20240105113744.0
008 230509b bl.|||m| |||| 00| 0 por d
040 _aBR-BrBNA
_bpor
_cBiblioteca Nacional de Agricultura
072 _aF20; P12
090 _a0150 BR7400669
100 1 _aCuba, P.
100 1 _aMiranda, H.
110 1 _aInstituto Agronomico, Campinas, SP (Brasil)
245 1 _aCultura de arroz de muda [Oryza sativa; Muda; Plantio; Irrigacao; Canal; Brasil]
260 3 _aCampinas, SP (Brasil):
_c1938.
300 _a16 p.
490 _aBoletim - Instituto Agronomico (Brazil)
_vno. 17
_xISSN 0375-1538
500 _a18 illus.
650 _aIRRIGACAO
650 _aSOLO
650 _aARROZ IRRIGADO
650 _aMUDA
650 _aPLANTIO
650 _aCANAL
909 _a202312
_bLúcia Elande
_c55
_dLúcia Elande
942 _2AGRIS
_n0
_cMS
999 _c265386
_d265386